Pequeñas obras hidráulicas

保存先:
書誌詳細
主要な著者: Kraatz, D. B (著者), Mahajan, I. K (著者)
フォーマット: 図書
言語:スペイン語
出版事項: Roma FAO 1976
シリーズ:Estudio FAO: Riego y Drenaje, 26
主題:
タグ: タグ追加
タグなし, このレコードへの初めてのタグを付けませんか!

MARC

LEADER 00000nam a2200000 a 4500
001 UCV7132
003 CL-VaPUC
008 880719e19760000IT |||||||||||||||||spa|d
082 0 4 |a 627.52  |b KRA  |2 21 
100 |a Kraatz, D. B  |e author  |9 399936 
700 0 |a Mahajan, I. K  |e author  |9 301160 
245 1 0 |a Pequeñas obras hidráulicas 
300 |a 3 v 
942 |c BK 
945 |d 19880719 00:00:00  |a mfernand 
260 |a Roma  |b FAO  |c 1976 
650 0 |a Ingeniería hidráulica  |9 260281 
650 7 |a CANALES  |2 CL-VaPUC  |9 264188 
650 0 |a Riego  |9 259685 
583 |a last modification  |c 19880719 00:00:00  |k Rodrigo Vera 
490 0 |a Estudio FAO: Riego y Drenaje, 26 
999 |c 212865  |d 212863